000 00637nam a22002297a 4500
003 UA-OsUOA
001 64476
007 ta
008 20091105b un ||||| |||| 00| 0 ukr d
100 _aЛикстанов И.
090 _a821.161.1
_bЛ56
942 _cBK
040 _aUA-OsUOA
_brus
_cUA-OsUOA
_dUA-OsUOA
245 _aПервое имя
_bПовесть
300 _a158 с.
955 _a3
041 _arus
080 _a821.161.1
260 _aЛьвів
_bГосиздат Детской Литературы
_c1954
650 7 _a82 Література. Літературознавство
_2UDC
999 _c350723
_d350723